000
00246 a2200097 4500
001
28857
100
_a
Ames, W F
245
_a
Nonlinear Ordinary Equations in Transportation Processes
260
_a
_b
Academic Press
_c
1968
090
_c
19303
_d
19303
942
_a
NUST-CAE
_c
M
_c
10340
999
_c
263930
_d
263930